000 00643nam a2200277Ia 4500
005 20260324135108.0
008 008 260324s9999 xx 000 0 eng d
020 _a9781315203027
037 _aEBOOK
040 _aCRL
040 _beng
040 _cCRL
041 _2eng
041 _aeng
084 _qCRL
100 _aVladimir Tikhomirov; Leslie Holmes
_91199318
245 0 _aRussia After Yeltsin
260 _bTaylor and Francis
260 _c2001
365 _a
365 _b130
856 _uhttp://www.taylorfrancis.com/books/9781315203027
942 _cEBOOK
999 _c1800046
_d1800046